000
00201nam a2200085Ia 4500
008
120527s9999 xx 000 0 und d
100
_a
Azzara, et al
245
_a
Cracking the An :Psychology
942
_c
BK
999
_c
27422
_d
27422